000 00552nam a2200193 i 4500
001 135624
003 ES-MaACL
005 20250721140308.0
007 t|
008 070720s1969 sp ||||1| spa d
080 _a355.318.2(46)
100 1 _aTorre Galán, Julio de la.
_9110774
245 1 3 _aLa legión!... !esa novia! /
_cJulio de la Torre Galán.
260 _a[Madrid :
_bHorizonte,
_c1969]
300 _a201 p. :
_bil. ;
_c21 cm.
651 4 _aEspaña-
_xLegión
_98380
852 _aES-MaACL
_jC-50412
_bR.71736
999 _c135624
_d135624